| Поле | Инд. | ПП | Название | Значение |
|---|---|---|---|---|
| Тип записи | a | |||
| Библиографический уровень | m | |||
| 001 | _ | Контрольный номер | RU-LAN-BOOK-240062 | |
| 005 | Дата корректировки | 20250915104054.3 | ||
| 008 | Кодируемые данные | 220607s2022 RU y f j 000 1 rus u | ||
| 040 | c | Служба, преобразующая запись | Издательство Лань | |
| 041 | a | Код языка текста | rus | |
| 044 | a | Код страны публикации | RU | |
| 080 | a | Индекс УДК | 004.42 | |
| 084 | 2 | Источник индекса | rubbk | |
| a | Индекс другой классификации/Индекс ББК | 32.97 | ||
| 100 | 1_ | a | Автор | Парфенов Д. В. |
| 245 | a | Заглавие | Программирование | |
| b | Продолж. заглавия | методические указания по | ||
| h | Физич. носитель | Электронный ресурс | ||
| c | Ответственность | Парфенов Д. В.,Петрусевич Д. А. | ||
| 260 | a | Место издания | Москва | |
| b | Издательство | РТУ МИРЭА | ||
| c | Дата издания | 2022 | ||
| d | Москва | |||
| 300 | a | Объем | 19 с. | |
| 520 | a | Аннотация | Методические указания разработаны в помощь студентам, выполняющим курсовые работы по дисциплинам «Программирование», «Объектно-ориентированное программирование». В состав методических указаний входят: темы курсовых работ с пояснениями, требования к оформлению отчета по курсовым работам. Предназначены для студентов и преподавателей по дисциплинам «Программирование», «Объектно-ориентированное программирование». Методические указания по выполнению курсовых работ для студентов издаются в авторской редакции. | |
| 521 | a | Примеч. о целев. назн. | Книга из коллекции РТУ МИРЭА - Информатика | |
| 700 | 1_ | a | Другие авторы | Петрусевич Д. А. |
| 852 | x | Примечание, не предназначенное для пользователя | e.lan2023 | |
| 856 | 4_ | u | URL | https://e.lanbook.com/book/240062 |
| z | Примечание для пользователя | Участвует в КО | ||
| 856 | 41 | u | URL | https://e.lanbook.com/img/cover/book/240062.jpg |